00514nam a2200121Ia 4500008004100000082001900041100003300060245007800093260005700171300000800228630007800236730007800314100122s9999 xx 000 0 und d b64863a301.418 aभोसले राजन aअथातो कामजिज्ञासा (क. क्र. 14/4 ) bमनोविकास प्रकाशनc2004 a253 aअथातो कामजिज्ञासा (क. क्र. 14/4 ) aअथातो कामजिज्ञासा (क. क्र. 14/4 )